000 00636nam a2200205 i 4500
001 bg
100 1 _aPORTALSKI, Roman
245 1 0 _aWzory regulaminów umów i pism z objaśnieniami :
_bstosowanych na podstawie Kodeksu pracy i przepisów wykonawczych /
_cRoman Portalski.
260 _aWarszawa :
_bDom Wydawniczy ABC,
_c1998.
300 _a445 s. ;
_c21 cm.
650 9 _aPrawo pracy
_zPolska
_ystan na 1998 r.
655 _aTablice i wzory
020 _a838728632X
040 _cBPK
041 0 _apl
080 _a349.2:331.1](438)(083)
920 _a83-87286-32-X
942 _cKS
008 s pl f |000 0 pol
999 _c33095
_d33095
856 _uhttp://koha.tu.koszalin.pl/cgi-bin/koha/opac-detail.pl?biblionumber=33095
_yKatalog online BPK